[Event "POL-chT 1st League 2020"]
[Site "Ustron"]
[Date "2020.09.08"]
[Round "4.6"]
[White "Lach, Aleksandra"]
[Black "Marcinczyk, Monika"]
[Result "1/2-1/2"]
[WhiteElo "2188"]
[BlackElo "1934"]
[Annotator "NA"]
[PlyCount "63"]
[EventDate "2020.09.05"]
[EventType "team-tourn"]
[EventCountry "POL"]
[SourceTitle "playchess.com"]
[Source "ChessBase"]
[SourceQuality "1"]
[TimeControl "40/5400+30:1800+30"]

1. e4 {[%emt 0:00:00]} c5 {[%emt 0:00:00]} 2. Nf3 {[%emt 0:00:03]} g6 {[%emt 0:00:00]} 3. d4 {[%emt 0:00:56]} cxd4 {[%emt 0:00:04]} 4. Nxd4 {[%emt 0:00:17]} Nc6 {[%emt 0:00:20]} 5. c4 {[%emt 0:00:54]} Bg7 {[%emt 0:00:09]} 6. Be3 {[%emt 0:00:17]} Nf6 {[%emt 0:00:16]} 7. Nc3 {[%emt 0:00:17]} d6 {[%emt 0:00:33]} 8. Be2 {[%emt 0:00:53]} O-O {[%emt 0:00:11]} 9. O-O {[%emt 0:01:29]} Bd7 {[%emt 0:00:09]} 10. h3 {[%emt 0:01:33]} Nxd4 {[%emt 0:01:05]} 11. Bxd4 {[%emt 0:02:05]} Bc6 {[%emt 0:00:09]} 12. Qc2 {[%emt 0:00:45] 12.Qc2 scores better than 12.Qd3. B38: Sicilian: Maroczy Bind with 5...Bg7 and 7...0-0.} a5 {[%emt 0:00:59]} 13. Rad1 {[%emt 0:03:09]} Nd7 {[%emt 0:03:48]} 14. Bxg7 {[%emt 0:03:01]} Kxg7 {[%emt 0:00:08]} 15. Bg4 {[%emt 0:00:43]} Ne5 {[%emt 0:04:00]} 16. c5 {[%emt 0:03:05]} Nxg4 {[%emt 0:14:05]} 17. hxg4 {[%emt 0:01:37]} Qc8 {[%emt 0:06:51]} 18. cxd6 {[%emt 0:07:57]} exd6 {[%emt 0:01:19]} 19. f3 {[%emt 0:06:56]} Rd8 {[%emt 0:05:39] [#]} 20. Rf2 $146 {[%emt 0:04:41]} ({Predecessor:} 20. Rd4 Qe6 21. Rfd1 Qe5 22. Qd2 Qc5 23. Qf4 b5 24. Kh2 b4 25. Ne2 Qb5 26. Ng3 {1-0 (35) Salomon,J (2509)-Svanda,O (2261) Teplice 2019}) 20... Qe6 {[%emt 0:04:50]} 21. Nd5 {[%emt 0:05:36]} Rac8 {[%emt 0:03:55]} 22. Qc3+ {[%emt 0:02:32]} Qe5 {[%emt 0:01:11]} 23. Qxa5 {[%emt 0:01:25]} Ra8 {[%emt 0:09:03]} 24. Qb4 {[%emt 0:19:06]} Ra4 {[%emt 0:07:30]} 25. Qb6 {[%emt 0:01:00]} Rda8 {[%emt 0:04:04]} 26. Nc3 {[%emt 0:08:35]} Rc4 {[%emt 0:08:04]} 27. Qc7 {[%emt 0:06:54]} Rd4 {[%emt 0:06:17]} 28. Rfd2 {[%emt 0:02:36]} Rxd2 $14 {[%emt 0:00:27]} 29. Rxd2 {[%emt 0:00:00]} Qc5+ {[%emt 0:00:40]} 30. Kh2 {[%emt 0:04:02]} Qg5 {[%emt 0:03:46]} 31. Qxd6 {[%emt 0:09:50]} Qh4+ {[%emt 0:00:13]} 32. Kg1 {[%emt 0:00:01]} 1/2-1/2

[Event "POL-chT 1st League 2020"]
[Site "Ustron"]
[Date "2020.09.08"]
[Round "4.7"]
[White "Szwed, Jacek"]
[Black "Maciejczak, Jakub"]
[Result "0-1"]
[WhiteElo "2380"]
[BlackElo "2371"]
[Annotator "TA"]
[PlyCount "92"]
[EventDate "2020.09.05"]
[EventType "team-tourn"]
[EventCountry "POL"]
[SourceTitle "playchess.com"]
[Source "ChessBase"]
[SourceQuality "1"]

{[%evp 12,92,54,0,39,0,0,-9,0,-44,-49,-54,-27,-162,-161,-146,-103,-110,-35,-58,-29,-88,-87,-100,-112,-132,-43,-61,-43,-53,-9,-51,-48,-56,-47,-68,-62,-90,-71,-84,-60,-54,-29,-88,-57,-71,-53,-60,-55,-191,-62,-83,0,-183,0,-37,0,-170,-179,-197,-182,-534,-510,-806,-792,-794,-804,-758,-716,-786,-781,-840,-805,-1230,-930,-971,-823,-1694,-1662,-1431,-1351,-12837,-5695]} 1. e4 d6 2. d4 g6 3. Nc3 Bg7 4. Be3 c6 5. Qd2 b5 6. O-O-O Nd7 7. h4 (7. Kb1 $14) 7... h5 {B06: Modern Defence.} 8. e5 dxe5 9. dxe5 Bxe5 {[#] The position is equal.} 10. Ne4 $146 ({Predecessor:} 10. Nf3 Bg7 11. Ne4 Ngf6 12. Nxf6+ Bxf6 13. Ng5 Qc7 14. Bf4 Be5 15. Bxe5 Nxe5 16. Qc3 {½-½ (25) Nielsen,P-Bang,E Aarhus 1976}) 10... Ngf6 11. Bd3 Nd5 12. Bg5 (12. Nf3 $11 {and White stays safe.}) 12... Qc7 13. Ne2 Bg7 14. Nf4 Nxf4 ({Don't play} 14... Qe5 $6 15. c3 $11) (14... O-O $17 15. Nxd5 cxd5) 15. Bxf4 $15 Be5 16. Bg5 (16. Bxe5 $11 Nxe5 17. Be2) 16... Nb6 $17 17. Rhe1 O-O $1 18. Nc5 Nd5 ({Black should play} 18... Rd8 $17 19. Qe3 Rd5) 19. Be4 $1 $15 Rd8 20. Nd3 $1 {[%cal Rd3e5]} Bf6 21. Bxd5 cxd5 22. Bxf6 exf6 23. Qf4 Qb6 $1 24. Re7 Bf5 25. Qc7 Qxc7 (25... Rdc8 {feels hotter.} 26. Qxb6 axb6 27. a3 Ra4 28. Ne1 Rac4) 26. Rxc7 Rdc8 27. Rb7 (27. Rc5 $11) 27... a6 28. Rd2 Rc4 29. g3 $1 Rac8 $36 {[%mdl 2048] White must now prevent ...Bxd3. Black is more active.} 30. Kd1 (30. b3 $15 Rd4 31. Ne1) 30... Bg4+ (30... g5 $1 $19 31. b3 Re4) 31. Kc1 Bf5 (31... g5 $17 32. hxg5 Bf5 33. gxf6 Bxd3 34. Rxd3 Rxc2+ 35. Kd1 Rxf2 36. Rxd5 Rxf6) 32. Kd1 $1 $19 {[#]} Bg4+ ({Better is} 32... g5 $1 $19 33. b3 Re4) 33. Kc1 $15 Bf5 (33... g5 $15) 34. Kd1 $1 $19 {[#]} g5 $1 35. hxg5 fxg5 {Threatens to win with ...h4.} 36. Ne5 $2 (36. b3 Rd4 37. f3) 36... Bxc2+ {Black is clearly winning.} 37. Ke1 (37. Kc1 $142 Be4+ 38. Kd1 Rc1+ 39. Ke2) 37... Re4+ {[%mdl 64] Double Attack} 38. Re2 Rxe2+ 39. Kxe2 {[%mdl 4096] Endgame KRB-KRN} Re8 40. f4 f6 {[%mdl 64] Pin} 41. Kd2 fxe5 42. Kxc2 exf4 43. gxf4 g4 {aiming for ...g3.} 44. Rd7 g3 45. Rxd5 Re7 46. f5 g2 {Accuracy: White = 51%, Black = 65%.} 0-1

[Event "POL-chT 1st League 2020"]
[Site "Ustron"]
[Date "2020.09.08"]
[Round "4.8"]
[White "Janaszak, Dawid"]
[Black "Zylka, Stanislaw"]
[Result "1-0"]
[WhiteElo "2356"]
[BlackElo "2377"]
[Annotator "TA"]
[PlyCount "75"]
[EventDate "2020.09.05"]
[EventType "team-tourn"]
[EventCountry "POL"]
[SourceTitle "playchess.com"]
[Source "ChessBase"]
[SourceQuality "1"]

{[%evp 9,75,16,16,3,31,0,7,4,9,16,30,32,39,40,29,19,36,0,18,16,23,20,24,0,0,0,0,0,0,0,0,8,13,29,23,8,44,0,0,0,164,138,156,128,195,187,416,366,560,552,544,544,528,522,29987,29988,29988,29989,29989,29990,29990,-21,29991,29992,29997,29998,29998,29999]} 1. d4 d5 2. Nf3 Nf6 3. Bf4 c5 4. e3 cxd4 5. exd4 Nc6 6. Nbd2 {B13: Caro-Kann: Exchange Variation and Panov-Botvinnik Attack.} Bf5 7. c3 e6 8. Qb3 {The position is equal.} Qc8 9. Nh4 Bg6 10. Nxg6 hxg6 11. Bd3 Nh5 12. Be3 Bd6 13. O-O-O a6 14. Kb1 b5 15. Qc2 {[#]} Qb7 $146 ({Predecessor:} 15... Na5 16. Nf3 Nc4 17. Bc1 Qc7 18. Ng5 Nf4 19. Bf1 O-O-O 20. a4 Qb7 21. axb5 axb5 {1-0 (56) Kramnik,V (2796)-Sjugirov,S (2646) Doha 2015}) 16. Nb3 Nf6 17. h4 a5 18. Ka1 a4 19. Nc5 Bxc5 20. dxc5 b4 21. cxb4 Nxb4 22. Qc3 Nc6 23. Bf4 O-O 24. Bd6 Rfe8 $2 (24... Rfc8 $11) 25. h5 $1 $18 {[%cal Rh5g6]} gxh5 26. g4 $1 {[%cal Rg4g5] Threatens to win with g5.} a3 (26... d4 $16 {was necessary.} 27. Qd2 a3) 27. bxa3 d4 $2 {[#]} (27... Ra4) 28. Qc1 $1 Nxg4 (28... Ra7 {keeps fighting.} 29. gxh5 Kh8) 29. Rxh5 f5 {[#]} 30. Bxf5 $1 {[%mdl 512]} Nf6 (30... exf5 31. Qc4+) 31. Rh3 Kf7 {[#]} 32. Bg6+ $1 {[%mdl 576] Skewer, Decoy} Kxg6 33. Rg1+ Kf7 {[#]} 34. Rxg7+ $1 {[%mdl 512]} Kxg7 {[#]} 35. Qg5+ $1 Kf7 36. Rh6 {[%csl Gg5][%cal Rh6f6] White mates.} Re7 37. Qg6+ Kf8 38. Rh8+ {Accuracy: White = 90%, Black = 66%.} 1-0

[Event "POL-chT 1st League 2020"]
[Site "Ustron"]
[Date "2020.09.08"]
[Round "4.9"]
[White "Koziol, Kamil"]
[Black "Dudzinski, Pawel"]
[Result "1-0"]
[WhiteElo "2296"]
[BlackElo "2199"]
[Annotator "ChessBase"]
[PlyCount "83"]
[EventDate "2020.09.05"]
[EventType "team-tourn"]
[EventCountry "POL"]
[SourceTitle "playchess.com"]
[Source "ChessBase"]
[SourceQuality "1"]
[TimeControl "40/5400+30:1800+30"]

1. e4 {[%emt 0:00:00]} c6 {[%emt 0:00:00]} 2. d4 {[%emt 0:00:00]} d5 {[%emt 0:00:00]} 3. Nc3 {[%emt 0:00:04]} g6 {[%emt 0:00:00]} 4. h3 {[%emt 0:00:20]} Bg7 {[%emt 0:01:20]} 5. Nf3 {[%emt 0:01:45]} Nf6 {[%emt 0:02:17]} 6. e5 {[%emt 0:00:21]} Ne4 {[%emt 0:00:37]} 7. Nxe4 {[%emt 0:00:28]} dxe4 {[%emt 0:00:10]} 8. Ng5 {[%emt 0:00:05]} c5 {[%emt 0:00:53]} 9. dxc5 {[%emt 0:00:31]} Qxd1+ {[%emt 0:08:09]} 10. Kxd1 {[%emt 0:00:10]} Bxe5 {[%emt 0:00:46]} 11. Bc4 {[%emt 0:00:54]} O-O {[%emt 0:06:21]} 12. c3 {[%emt 0:00:51]} a5 {[%emt 0:15:40]} 13. Be3 {[%emt 0:10:08]} Kg7 {[%emt 0:18:21]} 14. Nxe4 {[%emt 0:01:36]} f5 {[%emt 0:05:15]} 15. Ng5 {[%emt 0:10:51]} f4 {[%emt 0:11:50]} 16. Bd2 {[%emt 0:01:25]} h6 {[%emt 0:17:55]} 17. Nf3 {[%emt 0:03:56]} Bc7 {[%emt 0:00:49]} 18. Re1 {[%emt 0:02:06]} Kf6 {[%emt 0:02:42]} 19. g4 {[%emt 0:12:10]} fxg3 {[%emt 0:01:10]} 20. Bxh6 {[%emt 0:00:38]} Rd8+ {[%emt 0:01:24]} 21. Kc1 {[%emt 0:14:35]} gxf2 {[%emt 0:00:46]} 22. Bg5+ {[%emt 0:01:34]} Kf5 {[%emt 0:00:20]} 23. Rxe7 {[%emt 0:04:55]} Bf4+ {[%emt 0:00:33]} 24. Kc2 {[%emt 0:03:42]} Bxg5 {[%emt 0:00:29]} 25. Rf7+ {[%emt 0:00:23]} Bf6 {[%emt 0:00:23]} 26. Rf1 {[%emt 0:00:28]} Be6 {[%emt 0:02:23]} 27. Nh4+ {[%emt 0:01:53]} Ke4 {[%emt 0:00:38]} 28. Bd3+ {[%emt 0:01:11]} Rxd3 {[%emt 0:01:02]} 29. Rxf6 {[%emt 0:00:02]} Rxh3 {[%emt 0:01:29]} 30. Rxe6+ {[%emt 0:01:30]} Kd5 {[%emt 0:00:17]} 31. Nxg6 {[%emt 0:00:39]} Rxc3+ {[%emt 0:00:36]} 32. Kxc3 {[%emt 0:00:17]} Kxe6 {[%emt 0:00:08]} 33. Rxf2 {[%emt 0:00:21]} Na6 {[%emt 0:01:14]} 34. Kc4 {[%emt 0:03:50]} Rc8 {[%emt 0:00:12]} 35. Nf4+ {[%emt 0:00:29]} Kd7 {[%emt 0:00:45]} 36. Nd3 {[%emt 0:00:51]} b6 {[%emt 0:00:23]} 37. Rf7+ {[%emt 0:07:14]} Ke6 {[%emt 0:00:24]} 38. Rb7 {[%emt 0:00:18]} Nc7 {[%emt 0:00:47]} 39. Rxb6+ {[%emt 0:00:12]} Ke7 {[%emt 0:00:19]} 40. Nf4 {[%emt 0:00:00]} Rd8 {[%emt 0:00:00]} 41. Rb7 {[%emt 0:01:32]} Kd7 {[%emt 0:01:05]} 42. Rxc7+ {[%emt 0:00:08]} 1-0

[Event "POL-chT 1st League 2020"]
[Site "Ustron"]
[Date "2020.09.08"]
[Round "4.10"]
[White "Szyszylo, Rafal"]
[Black "Nowak, Mikolaj"]
[Result "1-0"]
[WhiteElo "2188"]
[BlackElo "2279"]
[Annotator "ChessBase"]
[PlyCount "97"]
[EventDate "2020.09.05"]
[EventType "team-tourn"]
[EventCountry "POL"]
[SourceTitle "playchess.com"]
[Source "ChessBase"]
[SourceQuality "1"]
[TimeControl "40/5400+30:1800+30"]

1. e4 {[%emt 0:00:00]} c6 {[%emt 0:00:00]} 2. d4 {[%emt 0:00:04]} d5 {[%emt 0:00:00]} 3. e5 {[%emt 0:00:17]} Bf5 {[%emt 0:00:00]} 4. Nf3 {[%emt 0:00:04]} e6 {[%emt 0:00:00]} 5. Be2 {[%emt 0:00:16]} Be7 {[%emt 0:00:00]} 6. O-O {[%emt 0:02:23]} h5 {[%emt 0:00:01]} 7. Nbd2 {[%emt 0:02:52]} Nh6 {[%emt 0:00:23]} 8. c4 {[%emt 0:11:05]} dxc4 {[%emt 0:00:07]} 9. Nxc4 {[%emt 0:00:50]} Nd7 {[%emt 0:00:12]} 10. Bd2 {[%emt 0:07:12]} Bg6 {[%emt 0:01:43]} 11. Ba5 {[%emt 0:03:54]} b6 {[%emt 0:01:59]} 12. Bc3 {[%emt 0:00:11]} Nf5 {[%emt 0:02:39]} 13. Rc1 {[%emt 0:10:35]} Rc8 {[%emt 0:04:23]} 14. a4 {[%emt 0:05:37]} h4 {[%emt 0:08:11]} 15. h3 {[%emt 0:01:27]} O-O {[%emt 0:04:10]} 16. Re1 {[%emt 0:06:04]} Qc7 {[%emt 0:07:00]} 17. Bd3 Rfd8 {[%emt 0:05:40]} 18. Be4 {[%emt 0:16:55]} Nf8 {[%emt 0:07:33]} 19. Qe2 {[%emt 0:03:56]} Qd7 {[%emt 0:06:37]} 20. Red1 {[%emt 0:04:35]} Nh6 {[%emt 0:04:48]} 21. Ncd2 {[%emt 0:01:39]} Bf5 {[%emt 0:04:27]} 22. Kh2 {[%emt 0:00:51]} Ng6 {[%emt 0:01:31]} 23. g3 {[%emt 0:01:53]} Bxe4 {[%emt 0:05:34]} 24. Nxe4 {[%emt 0:00:06]} Qd5 {[%emt 0:03:31]} 25. Ra1 {[%emt 0:10:34]} Rc7 {[%emt 0:09:31]} 26. g4 {[%emt 0:02:13]} Rcd7 {[%emt 0:01:59]} 27. Bd2 {[%emt 0:00:36]} Qb3 {[%emt 0:02:12]} 28. Bxh6 {[%emt 0:03:38]} gxh6 {[%emt 0:00:19]} 29. Qe3 {[%emt 0:01:31]} Qd5 {[%emt 0:08:25]} 30. Re1 {[%emt 0:00:35]} Kh7 {[%emt 0:01:48]} 31. Rac1 {[%emt 0:00:06]} c5 {[%emt 0:02:31]} 32. dxc5 {[%emt 0:00:27]} Nxe5 {[%emt 0:00:13]} 33. c6 {[%emt 0:00:52]} Rc7 {[%emt 0:03:15]} 34. Red1 {[%emt 0:01:45]} Nxf3+ {[%emt 0:03:11]} 35. Qxf3 {[%emt 0:00:01]} Qe5+ {[%emt 0:00:20]} 36. Kg2 {[%emt 0:00:04]} f5 {[%emt 0:00:31]} 37. Rxd8 {[%emt 0:00:36]} Bxd8 {[%emt 0:00:12]} 38. Nc3 {[%emt 0:00:58]} Rg7 {[%emt 0:02:11]} 39. Qd3 {[%emt 0:00:18]} Bc7 {[%emt 0:00:51]} 40. Kf1 {[%emt 0:00:00]} Kg8 {[%emt 0:00:00]} 41. Re1 {[%emt 0:03:21]} Qf6 {[%emt 0:02:16]} 42. gxf5 {[%emt 0:00:58]} exf5 {[%emt 0:00:55]} 43. Re8+ {[%emt 0:05:08]} Kh7 {[%emt 0:01:04]} 44. Nd5 {[%emt 0:00:56]} Qg5 {[%emt 0:02:21]} 45. Rf8 {[%emt 0:08:13]} Kg6 {[%emt 0:06:00]} 46. Ne3 {[%emt 0:04:29]} Rf7 {[%emt 0:01:12]} 47. Rg8+ {[%emt 0:00:32]} Rg7 {[%emt 0:00:13]} 48. Rxg7+ {[%emt 0:00:17]} Kxg7 {[%emt 0:00:01]} 49. Qd7+ {[%emt 0:00:37]} 1-0

[Event "POL-chT 1st League 2020"]
[Site "Ustron"]
[Date "2020.09.08"]
[Round "4.11"]
[White "Tomaszewski, Kacper"]
[Black "Kucza, Karol"]
[Result "1/2-1/2"]
[WhiteElo "2341"]
[BlackElo "2285"]
[Annotator "ChessBase"]
[PlyCount "121"]
[EventDate "2020.09.05"]
[EventType "team-tourn"]
[EventCountry "POL"]
[SourceTitle "playchess.com"]
[Source "ChessBase"]
[SourceQuality "1"]
[TimeControl "40/5400+30:1800+30"]

1. d4 {[%emt 0:00:00]} d5 {[%emt 0:00:00]} 2. c4 {[%emt 0:00:00]} e6 {[%emt 0:00:00]} 3. Nc3 {[%emt 0:00:00]} c6 {[%emt 0:00:00]} 4. Nf3 {[%emt 0:00:00]} Nf6 {[%emt 0:00:00]} 5. Bg5 {[%emt 0:00:01]} dxc4 {[%emt 0:00:00]} 6. a4 {[%emt 0:00:08]} Bb4 {[%emt 0:16:50]} 7. e4 {[%emt 0:00:39]} h6 {[%emt 0:12:00]} 8. Bxf6 {[%emt 0:01:15]} Qxf6 {[%emt 0:00:21]} 9. Bxc4 {[%emt 0:00:24]} Nd7 {[%emt 0:00:49]} 10. O-O {[%emt 0:00:32]} O-O {[%emt 0:07:13]} 11. e5 {[%emt 0:02:42]} Qe7 {[%emt 0:06:44]} 12. Qe2 {[%emt 0:00:30]} b6 {[%emt 0:07:15]} 13. Qe4 {[%emt 0:08:28]} Bb7 {[%emt 0:00:16]} 14. Bd3 {[%emt 0:00:08]} f5 {[%emt 0:05:10]} 15. exf6 {[%emt 0:00:33]} Nxf6 {[%emt 0:00:05]} 16. Qh4 {[%emt 0:05:50]} Nd5 {[%emt 0:12:30]} 17. Qxe7 {[%emt 0:00:40]} Bxe7 {[%emt 0:00:15]} 18. Bc4 {[%emt 0:17:28]} Bf6 {[%emt 0:05:35]} 19. Rfe1 {[%emt 0:08:23]} Rfe8 {[%emt 0:01:30]} 20. Ne4 {[%emt 0:01:56]} Rad8 {[%emt 0:00:09]} 21. a5 {[%emt 0:03:37]} b5 {[%emt 0:11:00]} 22. Bb3 {[%emt 0:01:51]} Nf4 {[%emt 0:01:03]} 23. Nc5 {[%emt 0:00:48]} Bc8 {[%emt 0:00:06]} 24. g3 {[%emt 0:02:44]} Nd5 {[%emt 0:00:09]} 25. Rad1 {[%emt 0:06:26]} Nc7 {[%emt 0:01:06]} 26. Re4 {[%emt 0:01:21]} Rd6 {[%emt 0:02:18]} 27. Rde1 {[%emt 0:00:59]} Red8 {[%emt 0:00:26]} 28. Nxe6 {[%emt 0:11:48]} Nxe6 {[%emt 0:00:14]} 29. Bxe6+ {[%emt 0:01:01]} Bxe6 {[%emt 0:00:07]} 30. Rxe6 {[%emt 0:00:03]} Rxe6 {[%emt 0:00:11]} 31. Rxe6 {[%emt 0:00:09]} Bxd4 {[%emt 0:00:04]} 32. Nxd4 {[%emt 0:00:18]} Rxd4 {[%emt 0:00:04]} 33. Rxc6 {[%emt 0:00:12]} Rd2 {[%emt 0:00:41]} 34. b4 {[%emt 0:02:01]} Rd4 {[%emt 0:00:11]} 35. Ra6 {[%emt 0:00:29]} Rxb4 {[%emt 0:00:05]} 36. Rxa7 {[%emt 0:00:04]} Ra4 {[%emt 0:00:05]} 37. a6 {[%emt 0:02:15]} b4 {[%emt 0:00:17]} 38. Rb7 {[%emt 0:00:26]} Rxa6 {[%emt 0:00:05]} 39. Rxb4 {[%emt 0:00:04]} Ra7 {[%emt 0:00:06]} 40. Kg2 {[%emt 0:00:00]} Kh7 {[%emt 0:00:00]} 41. Kf3 {[%emt 0:00:12]} Rf7+ {[%emt 0:00:13]} 42. Rf4 {[%emt 0:00:07]} Ra7 {[%emt 0:00:04]} 43. Rf8 {[%emt 0:00:06]} Kg6 {[%emt 0:00:15]} 44. Kg4 {[%emt 0:00:13]} Ra2 {[%emt 0:00:11]} 45. h3 {[%emt 0:02:26]} Ra3 {[%emt 0:00:41]} 46. f4 {[%emt 0:11:21]} Ra4 {[%emt 0:00:20]} 47. Kh4 {[%emt 0:00:20]} Rb4 {[%emt 0:00:17]} 48. g4 {[%emt 0:05:57]} Rb3 {[%emt 0:02:12]} 49. f5+ {[%emt 0:05:53]} Kh7 {[%emt 0:00:05]} 50. Rf7 {[%emt 0:00:25]} Ra3 {[%emt 0:00:17]} 51. Rb7 {[%emt 0:01:19]} Ra6 {[%emt 0:03:40]} 52. Re7 {[%emt 0:02:17]} Rb6 {[%emt 0:00:50]} 53. Kh5 {[%emt 0:01:21]} Ra6 {[%emt 0:00:40]} 54. h4 {[%emt 0:09:25]} Ra5 {[%emt 0:00:43]} 55. Rf7 {[%emt 0:00:59]} Rb5 {[%emt 0:00:35]} 56. g5 {[%emt 0:03:32]} Rxf5 {[%emt 0:01:15]} 57. Rxf5 {[%emt 0:00:26]} g6+ {[%emt 0:00:07]} 58. Kg4 {[%emt 0:00:07]} gxf5+ {[%emt 0:00:07]} 59. Kxf5 {[%emt 0:00:07]} hxg5 {[%emt 0:00:06]} 60. hxg5 {[%emt 0:00:04]} Kg7 {[%emt 0:00:08]} 61. Ke4 1/2-1/2

[Event "POL-chT 1st League 2020"]
[Site "Ustron"]
[Date "2020.09.08"]
[Round "4.12"]
[White "Czerwinska, Milena"]
[Black "Kucharska, Honorata"]
[Result "0-1"]
[WhiteElo "2010"]
[BlackElo "2237"]
[Annotator "ChessBase"]
[PlyCount "102"]
[EventDate "2020.09.05"]
[EventType "team-tourn"]
[EventCountry "POL"]
[SourceTitle "playchess.com"]
[Source "ChessBase"]
[SourceQuality "1"]
[TimeControl "40/5400+30:1800+30"]

1. e4 {[%emt 0:00:00]} e6 {[%emt 0:00:00]} 2. d3 {[%emt 0:00:00]} d5 {[%emt 0:00:17]} 3. Nd2 {[%emt 0:00:03]} c5 {[%emt 0:01:32]} 4. Ngf3 {[%emt 0:00:26]} Nc6 {[%emt 0:01:14]} 5. g3 {[%emt 0:00:11]} Nf6 {[%emt 0:02:47]} 6. Bg2 {[%emt 0:00:26]} Be7 {[%emt 0:03:43]} 7. O-O {[%emt 0:00:12]} O-O {[%emt 0:02:34]} 8. Re1 {[%emt 0:00:44]} b5 {[%emt 0:00:20]} 9. exd5 {[%emt 0:06:46]} exd5 {[%emt 0:02:00]} 10. d4 {[%emt 0:09:26]} c4 {[%emt 0:05:36]} 11. c3 {[%emt 0:09:11]} Bf5 {[%emt 0:02:00]} 12. Ne5 {[%emt 0:03:07]} Nxe5 {[%emt 0:02:14]} 13. Rxe5 {[%emt 0:09:49]} Bg6 {[%emt 0:00:29]} 14. Re1 {[%emt 0:03:56]} a5 {[%emt 0:03:25]} 15. a3 {[%emt 0:07:50]} Bd6 {[%emt 0:02:53]} 16. Nf1 {[%emt 0:05:15]} Ne4 {[%emt 0:03:21]} 17. f3 {[%emt 0:02:04]} Nf6 {[%emt 0:00:47]} 18. Bg5 {[%emt 0:01:49]} Be7 {[%emt 0:18:24]} 19. Ne3 {[%emt 0:04:12]} Re8 {[%emt 0:04:38]} 20. Bxf6 {[%emt 0:02:49]} Bxf6 {[%emt 0:00:06]} 21. Ng4 {[%emt 0:01:36]} Qd6 {[%emt 0:02:15]} 22. Nxf6+ {[%emt 0:03:35]} Qxf6 {[%emt 0:00:58]} 23. Qd2 {[%emt 0:00:58]} h5 {[%emt 0:02:37]} 24. Rxe8+ {[%emt 0:11:15]} Rxe8 {[%emt 0:00:11]} 25. Re1 {[%emt 0:00:03]} Rxe1+ {[%emt 0:03:25]} 26. Qxe1 {[%emt 0:00:04]} b4 {[%emt 0:02:36]} 27. axb4 {[%emt 0:00:11]} axb4 {[%emt 0:00:06]} 28. f4 {[%emt 0:00:52]} Qf5 {[%emt 0:02:14]} 29. cxb4 {[%emt 0:00:58]} Qd3 {[%emt 0:01:14]} 30. Qc3 {[%emt 0:08:02]} Qd1+ {[%emt 0:04:06]} 31. Kf2 {[%emt 0:00:03]} Bd3 {[%emt 0:00:31]} 32. h4 {[%emt 0:01:54]} Qe2+ {[%emt 0:01:36]} 33. Kg1 {[%emt 0:00:07]} Qe3+ {[%emt 0:01:28]} 34. Kh2 {[%emt 0:00:34]} Qf2 {[%emt 0:00:32]} 35. Kh1 {[%emt 0:02:58]} Qxg3 {[%emt 0:00:38]} 36. b5 {[%emt 0:01:50]} Qxh4+ {[%emt 0:05:41]} 37. Kg1 {[%emt 0:00:07]} Qf6 {[%emt 0:04:47]} 38. Bxd5 {[%emt 0:02:20]} Qxf4 {[%emt 0:03:47]} 39. b6 {[%emt 0:02:57]} Qg5+ {[%emt 0:00:23]} 40. Bg2 {[%emt 0:00:00]} Be4 {[%emt 0:00:00]} 41. Qh3 {[%emt 0:00:34]} Qc1+ {[%emt 0:01:22]} 42. Bf1 {[%emt 0:04:03]} Qxb2 {[%emt 0:03:57]} 43. Qc8+ {[%emt 0:07:04]} Kh7 {[%emt 0:00:25]} 44. Qxc4 {[%emt 0:00:46]} Qxb6 {[%emt 0:00:26]} 45. Kf2 {[%emt 0:01:31]} Qf6+ {[%emt 0:01:39]} 46. Ke1 {[%emt 0:01:13]} Qf5 {[%emt 0:01:59]} 47. Qc3 {[%emt 0:05:55]} g6 {[%emt 0:01:22]} 48. Qe3 {[%emt 0:02:06]} Kg7 {[%emt 0:01:19]} 49. Bc4 {[%emt 0:01:36]} Bd5 {[%emt 0:00:57]} 50. Bd3 {[%emt 0:00:16]} Qe6 {[%emt 0:00:27]} 51. Kf2 {[%emt 0:00:18]} Qxe3+ {[%emt 0:00:19]} 0-1

[Event "POL-chT 1st League 2020"]
[Site "Ustron"]
[Date "2020.09.08"]
[Round "4.13"]
[White "Cukrowski, Filip"]
[Black "Kuzmicz, Krystian"]
[Result "1/2-1/2"]
[WhiteElo "2406"]
[BlackElo "2468"]
[Annotator "TA"]
[PlyCount "66"]
[EventDate "2020.09.05"]
[EventType "team-tourn"]
[EventCountry "POL"]
[SourceTitle "playchess.com"]
[Source "ChessBase"]
[SourceQuality "1"]

{[%evp 14,66,44,15,22,5,43,43,38,38,37,24,44,27,34,31,31,19,39,41,39,36,66,67,96,36,24,18,18,18,45,43,22,35,33,2,8,4,4,0,0,0,0,0,0,0,8,8,8,0,0,0,0,0,0]} 1. e4 e6 2. d4 d5 3. Nd2 dxe4 4. Nxe4 Bd7 5. Nf3 Bc6 6. Bd3 Nd7 7. Qe2 Ngf6 8. Ng3 Bxf3 {C10: French with 3 Nc3: Unusual Black 3rd moves and 3...dxe4.} 9. Qxf3 c6 10. O-O Bd6 {White is slightly better.} 11. Re1 O-O 12. c3 Re8 {[#]} 13. Bg5 $146 ({Predecessor:} 13. Bf4 Qc7 14. Bxd6 Qxd6 15. Ne4 Nxe4 16. Rxe4 Nf8 17. Rae1 Rad8 18. h4 Qd5 19. c4 {0-1 (92) Muhren,B (2290)-Pitam,E (2285) Novi Sad 2009}) 13... Qa5 14. h4 h6 15. Bd2 Qc7 16. Ne4 Nxe4 17. Rxe4 Nf6 18. Re2 e5 {[#]} 19. Rae1 ({White should play} 19. dxe5 $1 $16 Bxe5 20. g3) 19... exd4 $1 $14 20. Bxh6 {Qxf6! is the strong threat.} Rxe2 $1 21. Rxe2 dxc3 22. bxc3 Qa5 23. Bg5 Qd5 $1 24. Bxf6 (24. Qh3 {looks sharper.} Nh7 25. Bc1 Rd8 26. Bc2 Nf6 27. Bb3) 24... Qxf3 {The position is equal.} 25. gxf3 {[#] Threatens to win with Be7.} gxf6 {[%mdl 4096] Endgame KRB-KRB} 26. Rb2 b5 27. c4 b4 28. Be4 Rc8 29. Rd2 Rd8 {White must now prevent ...Bh2+!} 30. Kg2 c5 31. f4 Be7 32. Rxd8+ Bxd8 33. f5 Bc7 {Accuracy: White = 90%, Black = 89%.} 1/2-1/2